| Tag |
First Indicator |
Second Indicator |
Subfields |
| LEADER |
00000cam a22000008a 4500 |
| 001 |
in00000010843 |
| 005 |
20151007051929.0 |
| 008 |
870602s1987 nyu 00011 eng |
| 010 |
|
|
|a 87016275
|
| 020 |
|
|
|a 0312011059 :
|c $15.95 (est.)
|
| 035 |
|
|
|a (OCoLC)16078672
|
| 035 |
|
|
|9 AAA5505AM
|
| 040 |
|
|
|a DLC
|c DLC
|d m/c
|d TXA
|d UtOrBLW
|
| 049 |
|
|
|a TXAM
|c [A12640431]
|a TXAS [scif]
|c 2
|
| 050 |
0 |
0 |
|a PS3568.U763
|b H5 1987
|
| 082 |
0 |
|
|a 813/.54
|2 19
|
| 100 |
1 |
|
|a Russ, Joanna,
|d 1937-2011.
|
| 245 |
1 |
4 |
|a The hidden side of the moon :
|b stories /
|c by Joanna Russ.
|
| 250 |
|
|
|a 1st ed.
|
| 264 |
|
1 |
|a New York :
|b St. Martin's Press,
|c [1987]
|
| 264 |
|
4 |
|c ©1987
|
| 300 |
|
|
|a 229 pages
|
| 336 |
|
|
|a text
|b txt
|2 rdacontent
|
| 337 |
|
|
|a unmediated
|b n
|2 rdamedia
|
| 338 |
|
|
|a volume
|b nc
|2 rdacarrier
|
| 999 |
|
|
|a MARS
|
| 999 |
f |
f |
|s d26d624a-b32d-38f1-83d9-d96f1033afca
|i d937c541-2868-3d15-b588-4b6c7a23180d
|t 0
|
| 952 |
f |
f |
|p normal
|a Texas A&M University
|b College Station
|c Sterling C. Evans Library
|s Evans stk
|d Evans: Library Stacks
|t 0
|e PS3568.U763 H5 1987
|h Library of Congress classification
|i unmediated -- volume
|m A14812640431
|
| 998 |
f |
f |
|a PS3568.U763 H5 1987
|t 0
|l Evans: Library Stacks
|